The Philippines: (Record no. 19759)
[ view plain ]
| 000 -LEADER | |
|---|---|
| fixed length control field | 00265nam a2200097 a 4500 |
| 005 - DATE AND TIME OF LATEST TRANSACTION | |
| control field | 20140312103941.0 |
| 008 - FIXED-LENGTH DATA ELEMENTS--GENERAL INFORMATION | |
| fixed length control field | 050405s19uu xx 00 eng d |
| 050 ## - LIBRARY OF CONGRESS CALL NUMBER | |
| Classification number | DS 655 |
| Item number | .P538 1999 |
| 245 ## - TITLE STATEMENT | |
| Title | The Philippines: |
| Remainder of title | a journey through the archipelago. |
| 942 ## - ADDED ENTRY ELEMENTS (KOHA) | |
| Koha item type | Books |
| Source of classification or shelving scheme | Library of Congress Classification |
| Withdrawn status | Lost status | Source of classification or shelving scheme | Damaged status | Home library | Current library | Shelving location | Date acquired | Source of acquisition | Cost, normal purchase price | Total Checkouts | Full call number | Barcode | Date last seen | Price effective from | Koha item type |
|---|---|---|---|---|---|---|---|---|---|---|---|---|---|---|---|
| Library of Congress Classification | College Library | College Library | Filipiniana Section | 04/05/2005 | Donation | 19.60 | DS 655 .P538 1999 | C1177 | 05/08/2018 | 10/10/2013 | Books |